00423nam a2200169Ia 4500003000900000008004100009020000700050040001600057080001300073100001700086245004600103260003900149300001500188650001900203650001100222650002000233IN-BaIIA211028s9999 xx 000 0 eng d aNO cIIA Library a535bSTR aStrong, John 0aConcepts of classical opticscJohn Strong aSan FranciscobW. H. Freemanc1958 axxi, 692p. aNASA Thesaurus aOptics aPhysical Optics